01270nam a22002657a 4500003000800000008004100008037000800049039004200057040003500099041000800134080001100142100003100153245020200184260007800386300002000464502011900484650006900603650007100672655002300743700004100766710004300807942001300850999001700863952012400880BI-BuBU260604b2025 bd fr|||| 000 0 fre d bDON a20260604094751.0bJoella Nshimirimana aBI-BuBUbfrecBI-BuBUdBI-BuBU0 afre a343.231 4aut.aNdacayisaba, Venuste10aApproche analytique des conditions de travail des agents de sécurité au sein des sociétés de gardiennage et de surveillage au Burundic Venuste Ndacayisaba ,Melchicedec Nduwayezu, directeur aBujumburabUniversité du Burundi, Faculté des Sciences Humainesc2025 aX-84 f.c30 cm. aMémoire présenté et soutenu publiquement en vue de l'obtention du diplôme de master en Socio-Anthropologie 72BI-BuBUaAgent (Securité )xsocieté de Gardiennage.zBI-BuBU 72BI-BuBUaAgent ( Sécurité)xsocieté de SurveillancezBI-BuBU 72BI-BuBUamémoire 4aut.a Nduwayezu, Melchicedec994850 4aut.a Faculté des Sciences Humaines 2udccMEM c53971d53971 00102udc4070985823aBCbBCd2026-06-04edon de l'auteurl0o343.23 NDA.p5010000672843r2026-06-04w2026-06-04yMEM